| 000 | 00803cam a2200217 4500 | ||
|---|---|---|---|
| 001 | WB3630-12 | ||
| 008 | 000000n2000 000 0 eng u | ||
| 035 | _a(Sirsi) u107531 | ||
| 245 | _aLow paid suffer | ||
| 260 | _c2000 | ||
| 490 |
_aGuardian _v3 August 2000, 6(1) |
||
| 520 | _aA report by Britain's general trade union, GMB, shows that service workers such as teachers, nurses and hospital porters are now so poorly paid that they cannot afford to live in the areas that they work in. The worst hit areas are Kensington and Chelsea in London and Berkshire, Hertfordshire and Dorset. | ||
| 590 | _aWB | ||
| 650 | _aSERVICE SECTOR | ||
| 650 | _aHOUSE PRICES | ||
| 650 | _aSALARIES | ||
| 650 | _aHOUSING POLICY | ||
| 650 | _aMORTGAGES | ||
| 690 | _aHOUSING-HOUSING FINANCE | ||
| 942 | _n0 | ||
| 999 |
_c64271 _d64271 |
||